000 01214cam a2200397 i 4500
001 0000514
003 DO-SdBNP
005 20171214084246.0
007 0000514
008 100514s 2011 sp | |||| 000 f spa
015 _a
017 _a
_b
020 _a9788466306430
035 _a
040 _aBPMSU
_bspa
_cBPMSU
_e
080 _a
082 4 _a869.342
_bS243en 2011
100 1 _aSaramago, José
_d 1922-2010.
240 1 0 _aEnsaio sobre cegueira /
_lEspañol
245 1 0 _aEnsayo sobre la ceguera /
_h
_cJosé Saramago ; traducción Basilio Losada
250 _a2a. ed.
260 _aMéxico :
_bAlfaguara,
_bSantillana Ediciones Generales,
_c2011.
300 _a375 p.:
_c19 cm
490 1 _aPunto de lectura
500 _aIncluye datos biográficos del autor.
500 _aTítulo original en protugués:Ensaio sobre cegueira
586 _aPremio Nobel de literatura 1998.
650 4 _aENSAYOS PORTUGUESES
650 4 _aLITERATURA PORTUGUESA
700 1 2 _aLosada, Basilio
_etraductor
830 0 _aPunto de lectura
942 _2ddc
_cBK
945 _aInventariado extranjero / 2017 VM
956 _aYLOCKWARD
_810
_cBPMSU
956 _aVMATEO
_b10
_d20160930
_fBPMSU
_h0069
999 _c10790
_d10790